[Event "POL-chT3 Kujawsko-Pomorskie 2223"]
[Site "Poland"]
[Date "2023.??.??"]
[Round "6.18"]
[White "Skrzypinski, Remigiusz"]
[Black "Szulc, Piotr"]
[Result "1/2-1/2"]
[WhiteElo "1242"]
[BlackElo "1135"]
[PlyCount "59"]
[EventDate "2022.11.13"]
[EventType "team-swiss"]
[EventRounds "7"]
[EventCountry "POL"]
[SourceTitle "EXT 2024"]
[Source "ChessBase"]
[SourceDate "2023.10.10"]
[SourceVersion "1"]
[SourceVersionDate "2023.10.10"]
[SourceQuality "1"]

1. e4 c5 2. Nf3 e6 3. d4 cxd4 4. Nxd4 a6 5. Bc4 Qc7 6. Bb3 Nf6 7. Nc3 Bb4 8. Qf3 Bxc3+ 9. bxc3 0-0 10. 0-0 b5 11. Bf4 e5 12. Bg3 d6 13. Nf5 Bxf5 14. Qxf5 Nc6 15. Bh4 Nd7 16. f4 Nc5 17. Bd5 Rae8 18. Rae1 Ne7 19. Bxe7 Rxe7 20. Re3 Ne6 21. Rh3 g6 22. Rg3 Nxf4 23. Rxf4 exf4 24. Rxg6+ hxg6 25. Qxg6+ Kh8 26. Qh6+ Kg8 27. Qg5+ Kh8 28. Qh6+ Kg8 29. Qg5+ Kh8 30. Qh6+ 1/2-1/2